[Event "Toronto NAYCC U08"]
[Site "Toronto"]
[Date "2013.08.17"]
[Round "7"]
[White "Bhanji, Areez"]
[Black "Kong, Brandon"]
[Result "1-0"]
[WhiteElo "204"]
[BlackElo "832"]
[PlyCount "63"]
[EventDate "2013.08.14"]
[EventType "swiss"]
[EventRounds "9"]
[EventCountry "CAN"]
[SourceTitle "EXT 2022"]
[Source "ChessBase"]
[SourceDate "2021.10.06"]
[SourceVersion "1"]
[SourceVersionDate "2021.10.06"]
[SourceQuality "1"]

1. e4 e5 2. Nf3 Nc6 3. Nc3 Nf6 4. Bb5 a6 5. Bxc6 dxc6 6. Nxe5 Qd4 7. Nf3 Nxe4 8. Nxd4 Bc5 9. Nxe4 Bxd4 10. 0-0 0-0 11. d3 Re8 12. Qf3 b5 13. Qg3 Bb7 14. Bh6 c5 15. c3 Be5 16. Qg4 Re6 17. Bf4 Rg6 18. Qf3 Bxf4 19. Qxf4 Rd8 20. Rad1 Re8 21. Rfe1 Rf8 22. Re3 f5 23. Nf6+ Rfxf6 24. Rh3 Rxg2+ 25. Kf1 Rfg6 26. Qe3 Bc6 27. Re1 a5 28. Qe5 R2g5 29. Rg3 Rxg3 30. hxg3 Rh6 31. d4 Bf3 32. Qe8# 1-0

[Event "Toronto NAYCC U08"]
[Site "Toronto"]
[Date "2013.08.14"]
[Round "1"]
[White "Hung, Daniel1"]
[Black "Kong, Brandon"]
[Result "1-0"]
[WhiteElo "1598"]
[BlackElo "832"]
[PlyCount "113"]
[EventDate "2013.08.14"]
[EventType "swiss"]
[EventRounds "9"]
[EventCountry "CAN"]
[SourceTitle "EXT 2022"]
[Source "ChessBase"]
[SourceDate "2021.10.06"]
[SourceVersion "1"]
[SourceVersionDate "2021.10.06"]
[SourceQuality "1"]

1. e4 c5 2. Nc3 e5 3. Nf3 Nc6 4. Bc4 Be7 5. d3 Nf6 6. 0-0 0-0 7. h3 d6 8. Nd5 Be6 9. Nxe7+ Nxe7 10. Bxe6 fxe6 11. c3 Nc6 12. Be3 d5 13. Bxc5 Rf7 14. Ng5 Rd7 15. Nxe6 Qe8 16. exd5 Nxd5 17. Ng5 Nf4 18. Qb3+ Kh8 19. Be3 Qg6 20. Bxf4 exf4 21. h4 h6 22. Qe6 Qxd3 23. Nf7+ Kh7 24. Ne5 Nxe5 25. Qxe5 Rf8 26. Rfe1 Rf5 27. Qe4 Qb5 28. a4 Qc5 29. b4 Qd5 30. Qxd5 Rdxd5 31. Rad1 Rxd1 32. Rxd1 Rh5 33. Rd7 Rxh4 34. Rxb7 a5 35. bxa5 f3 36. Rb4 Rh5 37. gxf3 Rxa5 38. Kf1 g5 39. f4 gxf4 40. Rxf4 Kg6 41. Rb4 Kg5 42. Rb5+ Rxb5 43. axb5 h5 44. b6 h4 45. b7 h3 46. b8Q Kg4 47. Qg8+ Kf3 48. Qg3+ Ke4 49. Qxh3 Kd5 50. Qd3+ Kc5 51. c4 Kc6 52. Qd5+ Kc7 53. c5 Kc8 54. c6 Kc7 55. f4 Kc8 56. Qd7+ Kb8 57. Qb7# 1-0